000 00882nam a2200205Ii 4500
003 JO-AjNU
008 230605s9999||||xx |||||||||||||| ||und||
040 _aJO-AjNU
_bara
_erda
_cJO-AjNU
041 _aara
050 1 4 _aKMM379.5.J67.1982
100 3 _aاعداد سالم، توفيق ,
_eauthor
_946924
245 0 0 _aمجموعة المبادئ القانونية لمحكمة التمييز في القضايا الجزائية المنشورة في مجلة نقابة المحامين منذ بداية سنة 1953 حتى نهاية سنة 1982، الجزء الثاني
250 _a(د،ط)
264 3 1 _aعمان : نقابة المحامين ، 1982
300 _aج2، 810-1485ص
336 _atext
_btxt
_2rdacontent
337 _aunmediated
_bn
_2rdamedia
338 _avolume
_bnc
_2rdacarrier
650 4 _aالقانون الجزائي -- الأردن
_946925
999 _aA20449
_c24017
_d24017